| 000 | 00971nam a22002057a 4500 | ||
|---|---|---|---|
| 005 | 20220323113416.0 | ||
| 008 | 220317b ||||| |||| 00| 0 eng d | ||
| 020 | _a9781409183181 | ||
| 040 | _cAL | ||
| 041 | _aeng | ||
| 082 |
_223 _a158.1 _bCOTS |
||
| 100 |
_aFearne Cotton _924006 |
||
| 245 |
_aSpeak your truth _bConnecting with your inner truth and learning to find your voice |
||
| 260 |
_aLondon _bOrion Spring _c2021 |
||
| 300 |
_a246p. _bPB _c20x13cm. |
||
| 365 |
_2General _a6320 _b₹545.22 _c₹ _d₹699.00 _e22% _f08/03/2022 |
||
| 520 | _a'During a time where misinformation is spreading faster than ever and people are finding it hard to keep it real, Fearne shows us the power of living in our truth. She has a magical way of making us feel understood through her compelling storytelling, while showing us a path to a more authentic life.' Vex King, author of Good Vibes, Good Life. | ||
| 650 |
_2 Applied psychology _aPsychology _925264 |
||
| 942 |
_2ddc _cBK |
||
| 999 |
_c221932 _d221932 |
||